Haiwan mamalia di Malaysia
| Main Author: | |
|---|---|
| Format: | Book |
| Published: |
Ampang, Selangor :
PAM Publishing ,
c1992
|
| Series: | Koleksi Malaysiana
|
| Subjects: |
MARC
| LEADER | 00000cam a2200000 7i4500 | ||
|---|---|---|---|
| 001 | 0000000454 | ||
| 005 | 20090504093000.0 | ||
| 008 | 021118n | ||
| 020 | |a 9839952250 | ||
| 090 | 0 | 0 | |a QL729.M3 |b H2 |
| 245 | 0 | 0 | |a Haiwan mamalia di Malaysia |c teks dan gambarfoto oleh Zakaria bin Abdullah |
| 260 | 2 | |a Ampang, Selangor : |b PAM Publishing , |c c1992 | |
| 300 | |a vi, 56 ms. ; ; |c 27 sm. | ||
| 440 | 0 | 0 | |a Koleksi Malaysiana |
| 650 | 0 | |a Mammals |z Malaysia | |
| 700 | 0 | |a Zakaria Abdullah , |e author | |
| 999 | |a 1000032676 |b Book |c OPEN SHELF (30 DAYS) |e Gong Badak Campus | ||